000
00316nam a2200109Ia 4500
001
1261538
005
20260417140354.0
008
260417s9999 xx 000 0 und d
020
_a
9786256698666
245
0
_a
Şafak Sancısı Yüzyılların Kavşağındaki Muhabbet
_c
Cengiz Aytmatov
260
_b
Ketebe Yayınları
999
_c
1261538
_d
1261538